مكتبة جامعة عجلون الوطنية

فهرس بحث المكتبة

اثر ادارة سلاسل التوريد على الحصة السوقية لشركات الادوية الاردنية = The Impact of Supply Chain Management on the Market Share of Jordanian Pharmaceutical Companies / (Record no. 33596)

MARC details
000 -LEADER
fixed length control field 01108nam a22002057a 4500
003 - CONTROL NUMBER IDENTIFIER
control field JO-AjAnu
005 - DATE AND TIME OF LATEST TRANSACTION
control field 20240708120941.0
008 - FIXED-LENGTH DATA ELEMENTS--GENERAL INFORMATION
fixed length control field 240708b jo ||||| |||| 00| 0 ara d
040 ## - CATALOGING SOURCE
Original cataloging agency JO-AjAnu
Language of cataloging ara
Transcribing agency JO-AjAnu
Description conventions rda
041 ## - LANGUAGE CODE
Language code of text/sound track or separate title ara
Language code of original ara
050 ## - LIBRARY OF CONGRESS CALL NUMBER
Classification number HF5437
Item number 2024
100 #1 - MAIN ENTRY--PERSONAL NAME
Personal name القضاة، جعفر نهار عوض
Relator term معد
9 (RLIN) 66092
245 #0 - TITLE STATEMENT
Title اثر ادارة سلاسل التوريد على الحصة السوقية لشركات الادوية الاردنية = The Impact of Supply Chain Management on the Market Share of Jordanian Pharmaceutical Companies /
Statement of responsibility, etc. اعداد جعفر نهار عوض القضاة؛ اشراف نضال فواز حسين القضاة
260 ## - PUBLICATION, DISTRIBUTION, ETC.
Date of publication, distribution, etc. 2024
300 ## - PHYSICAL DESCRIPTION
Extent 108 ورقة
500 ## - GENERAL NOTE
General note رسالة جامعية( رسالة ماجستير في ادارة الاعمال) جامعة عجلون الوطنية( عجلون، الاردن)، كلية الاعمال، 2024.
650 70 - SUBJECT ADDED ENTRY--TOPICAL TERM
Topical term or geographic name entry element التوريدات - ادارة- ادارة المشتريات
9 (RLIN) 66093
700 #1 - ADDED ENTRY--PERSONAL NAME
Personal name القضاة، نضال فواز حسين
9 (RLIN) 64939
Relator term مشرف
942 ## - ADDED ENTRY ELEMENTS (KOHA)
Source of classification or shelving scheme Library of Congress Classification
Koha item type Thesis
Suppress in OPAC No
Holdings
Withdrawn status Lost status Source of classification or shelving scheme Damaged status Not for loan Home library Current library Date acquired Total Checkouts Full call number Barcode Date last seen Price effective from Koha item type
    Library of Congress Classification     مكتبة جامعة عجلون الوطنية مكتبة جامعة عجلون الوطنية 08/07/2024   HF5437 2024 a29936 08/07/2024 08/07/2024 Thesis
    Library of Congress Classification     مكتبة جامعة عجلون الوطنية مكتبة جامعة عجلون الوطنية 08/07/2024   HF5437 2024 a29937 08/07/2024 08/07/2024 Thesis